| 000 | 00505nam a2200181 i 4500 | ||
|---|---|---|---|
| 001 | 67177 | ||
| 003 | ES-MaACL | ||
| 005 | 20230906170004.0 | ||
| 007 | t| | ||
| 008 | 040510s2002 sp ||||1| spa d | ||
| 020 | _a84-8472-076-4 | ||
| 080 | _a821.134.2-14"19" | ||
| 100 | 1 |
_aBarrero Rodríguez, Enrique. _925945 |
|
| 245 | 1 | 0 |
_aPoética elemental / _cEnrique Barrero Rodríguez. |
| 260 |
_a[Sevilla] : _bRenacimiento, _c[2002] |
||
| 300 |
_a61 p. ; _c22 cm. |
||
| 852 |
_aES-MaACL _j2176-F-5 _bR.133275 |
||
| 999 |
_c67177 _d67177 |
||